[Event "NM for klubblag 2010"]
[Site "Drammen"]
[Date "2010.10.08"]
[Round "1"]
[Board "35"]
[White "Aarnes, Carl Christian"]
[Black "Hammerstad, Åsmund"]
[Result "0-1"]
[WhiteElo "1598"]
[BlackElo "2171"]
[PlyCount "148"]
[EventDate "2010.??.??"]
[WhiteTeam "Nordstrand 2"]
[BlackTeam "Asker 1"]

1. d4 e6 2. c4 f5 3. Nc3 Nf6 4. Nf3 Be7 5. e3 d6 6. Qb3 O-O 7. Bd2 Qe8 8. Bd3
Qg6 9. Rg1 Ne4 10. Qc2 Nxd2 11. Qxd2 Qh6 12. O-O-O Nc6 13. e4 Qxd2+ 14. Rxd2 g5
15. d5 Nb4 16. a3 Nxd3+ 17. Rxd3 e5 18. Nd2 f4 19. f3 a6 20. Kc2 Bd7 21. a4 Kh8
22. h3 h5 23. Rh1 Rg8 24. Nf1 Kg7 25. b3 Rh8 26. Nd1 g4 27. Nf2 Bh4 28. Rd2
gxf3 29. gxf3 b5 30. a5 bxc4 31. bxc4 Kf7 32. Nd3 Rab8 33. Kc3 Ba4 34. Rb2 Bd1
35. Nd2 Ba4 36. Rb4 Bd7 37. Rxb8 Rxb8 38. Nb4 Bf2 39. Nc2 h4 40. Rh2 Bg1 41.
Rh1 Rg8 42. Nb4 Bc8 43. Kd3 Rg3 44. Nc2 Kf6 45. Ke2 Rg2+ 46. Kd3 Bd7 47. Ne1
Rg8 48. Nc2 Bc5 49. Kc3 Ke7 50. Ne1 Rg3 51. Nd3 Bd4+ 52. Kb4 Rxh3 53. Rc1 Be3
54. Rd1 Bxd2+ 55. Rxd2 Rxf3 56. c5 h3 57. c6 Bc8 58. Kc4 Re3 59. Nf2 h2 60. Nh1
Rxe4+ 61. Kc3 Re3+ 62. Kc4 Rh3 63. Rg2 Kf7 64. Rb2 Bf5 65. Rb7 Bd3+ 66. Kb4 Be4
67. Rxc7+ Ke8 68. Ra7 Bxd5 69. Ra8+ Ke7 70. c7 Rb3+ 71. Ka4 Rc3 72. Ra7 Kd7 73.
Nf2 Rxc7 74. Rxa6 h1=Q 0-1

[Event "NM for klubblag 2010"]
[Site "Drammen"]
[Date "2010.10.08"]
[Round "1"]
[Board "36"]
[White "Gunnesdal, Lars"]
[Black "Dyrnes, Jussi"]
[Result "1-0"]
[WhiteElo "2017"]
[BlackElo "1766"]
[PlyCount "49"]
[EventDate "2010.??.??"]
[WhiteTeam "Asker 1"]
[BlackTeam "Nordstrand 2"]

1. e4 Nf6 2. e5 Nd5 3. d4 d6 4. exd6 cxd6 5. Nf3 e6 6. c4 Nf6 7. Be2 Be7 8. O-O
O-O 9. b3 b6 10. Bb2 Bb7 11. Nbd2 d5 12. Re1 Nc6 13. Rc1 Rc8 14. a3 Bd6 15. Bd3
a5 16. Ne5 Qe7 17. a4 Nb4 18. Bb1 g6 19. Re3 Nh5 20. Nf1 dxc4 21. bxc4 Rcd8 22.
d5 Qg5 23. Qg4 Qxg4 24. Nxg4 exd5 25. Nh6# 1-0

[Event "NM for klubblag 2010"]
[Site "Drammen"]
[Date "2010.10.08"]
[Round "1"]
[Board "37"]
[White "Jensen, Torben Winther"]
[Black "Hovden, Hans"]
[Result "1/2-1/2"]
[WhiteElo "1388"]
[BlackElo "1576"]
[PlyCount "86"]
[EventDate "2010.??.??"]
[WhiteTeam "OSS 3"]
[BlackTeam "Kirkegata"]

1. e4 e6 2. d4 d5 3. e5 c5 4. c3 Nc6 5. Nf3 Qb6 6. a3 Bd7 7. Be2 cxd4 8. cxd4
Nge7 9. Nc3 Nf5 10. Na4 Qd8 11. O-O Na5 12. b4 Nc4 13. Bxc4 dxc4 14. Nc3 b5 15.
Bg5 Be7 16. Bxe7 Nxe7 17. d5 exd5 18. Nxd5 Bg4 19. Nc3 a6 20. Qe2 O-O 21. Rad1
Qc7 22. Rfe1 Rfd8 23. h3 Bxf3 24. Qxf3 Rxd1 25. Rxd1 Rd8 26. Kf1 Ng6 27. Rxd8+
Qxd8 28. Qe3 Qd3+ 29. Qxd3 cxd3 30. Nd5 Nxe5 31. Nc7 Nc4 32. Nxa6 Nxa3 33. Nc7
Nc2 34. Nxb5 Nxb4 35. Ke1 Kf8 36. Kd2 Ke7 37. Nd4 Kf6 38. Nf3 Kf5 39. Kc3 Nd5+
40. Kd2 f6 41. g3 Ke4 42. Ne1 Nb4 43. Kc3 Kd5 1/2-1/2

[Event "NM for klubblag 2010"]
[Site "Drammen"]
[Date "2010.10.08"]
[Round "1"]
[Board "38"]
[White "Steinkellner, Rudolf"]
[Black "Børresen, Jon"]
[Result "1-0"]
[WhiteElo "1433"]
[BlackElo "1300"]
[PlyCount "55"]
[EventDate "2010.??.??"]
[WhiteTeam "Kirkegata"]
[BlackTeam "OSS 3"]

1. e4 c5 2. Nf3 d6 3. c3 Nc6 4. d4 cxd4 5. cxd4 e6 6. Nc3 Nf6 7. Bd3 Be7 8. O-O
O-O 9. Bd2 a6 10. Rc1 Bd7 11. Ne2 Rc8 12. Rc2 d5 13. e5 Ne4 14. Ng3 f5 15. exf6
Nxd2 16. Bxh7+ Kh8 17. fxe7 Nxf3+ 18. Qxf3 Qxe7 19. Qh5 g5 20. Bg6+ Kg8 21. Ne2
Be8 22. Rc3 Qg7 23. Bxe8 Rcxe8 24. Rg3 Qh7 25. Rxg5+ Kh8 26. Qg4 Rf6 27. Nf4
Rg8 28. Rxg8+ 1-0

[Event "NM for klubblag 2010"]
[Site "Drammen"]
[Date "2010.10.08"]
[Round "1"]
[Board "41"]
[White "Ganderud, Vegard Koi"]
[Black "Stray, Gunnar"]
[Result "1/2-1/2"]
[WhiteElo "2191"]
[BlackElo "1974"]
[PlyCount "120"]
[EventDate "2010.??.??"]
[WhiteTeam "Hønefoss"]
[BlackTeam "Moss 2"]

1. d4 f5 2. e4 fxe4 3. Nc3 Nf6 4. Bg5 c6 5. Bxf6 exf6 6. Nxe4 d5 7. Ng3 Be6 8.
Nf3 Na6 9. c3 Nc7 10. Bd3 Qd7 11. O-O Bd6 12. Qc2 g6 13. b4 Bxg3 14. hxg3 O-O
15. a4 Bf7 16. Rfe1 Rae8 17. Qd2 Kg7 18. Kf1 a6 19. Qb2 Rxe1+ 20. Rxe1 Re8 21.
Rxe8 Nxe8 22. b5 axb5 23. axb5 Nd6 24. bxc6 bxc6 25. Nd2 Be6 26. Nb3 Qb7 27.
Qa3 Bf5 28. Bxf5 Nxf5 29. g4 Ne7 30. f3 Nc8 31. Kf2 Qe7 32. Qa6 Na7 33. Qb6 f5
34. gxf5 gxf5 35. Na5 f4 36. Kf1 Qd7 37. Qb8 Qf7 38. Qd6 Qf6 39. Qd7+ Qf7 40.
Qd6 Qf6 41. Qd7+ Qf7 42. Qd8 Qf5 43. Kg1 Qf6 44. Qd7+ Qf7 45. Qg4+ Kf8 46. Qg5
Qc7 47. Nb3 Qb8 48. Nc5 Qd6 49. Qf5+ Ke8 50. Qxh7 Nb5 51. Qg8+ Ke7 52. Qg7+ Ke8
53. Qh8+ Ke7 54. Nb7 Qc7 55. Qg7+ Ke8 56. Qg8+ Ke7 57. Qg5+ Ke8 58. Qg6+ Ke7
59. Nc5 Qd6 60. Qg7+ Ke8 1/2-1/2

[Event "NM for klubblag 2010"]
[Site "Drammen"]
[Date "2010.10.08"]
[Round "1"]
[Board "44"]
[White "Andersen, Benjamin Mjelde"]
[Black "Thingstad, Anders"]
[Result "0-1"]
[WhiteElo "1224"]
[BlackElo "1962"]
[PlyCount "90"]
[EventDate "2010.??.??"]
[WhiteTeam "Moss 2"]
[BlackTeam "Hønefoss"]

1. e4 c6 2. d4 d5 3. e5 c5 4. f4 Nc6 5. Nf3 Bg4 6. dxc5 Qa5+ 7. Nbd2 e6 8. c3
Qxc5 9. Nb3 Qb6 10. h3 Bh5 11. g4 Bg6 12. Bd3 Nge7 13. Qe2 Bxd3 14. Qxd3 h5 15.
Be3 Qc7 16. g5 Nf5 17. Bf2 Be7 18. Nh4 Nxh4 19. Bxh4 O-O-O 20. Bf2 f6 21. Nc5
Bxc5 22. Bxc5 fxe5 23. fxe5 Qxe5+ 24. Qe3 b6 25. Qxe5 Nxe5 26. Bd4 Nf3+ 27. Ke2
Nxd4+ 28. cxd4 Rhf8 29. Rac1+ Kd7 30. Rhf1 Rf5 31. Rxf5 exf5 32. Kf3 g6 33. Kf4
Re8 34. Kf3 Re4 35. Rd1 Kc6 36. a4 Kd6 37. b4 Re7 38. Rc1 Re4 39. Rd1 Ke6 40.
Rd3 f4 41. h4 a5 42. b5 Kf5 43. Rc3 Re3+ 44. Rxe3 fxe3 45. Ke2 Ke4 0-1

[Event "NM for klubblag 2010"]
[Site "Drammen"]
[Date "2010.10.08"]
[Round "1"]
[Board "45"]
[White "Lien, Kjell Håkon"]
[Black "Evensen, Tom R"]
[Result "1/2-1/2"]
[WhiteElo "1453"]
[BlackElo "2041"]
[PlyCount "58"]
[EventDate "2010.??.??"]
[WhiteTeam "Hønefoss 2"]
[BlackTeam "Trondheim"]

1. e4 c5 2. Nf3 Nc6 3. d4 cxd4 4. Nxd4 Nf6 5. Nc3 e5 6. Ndb5 d6 7. Nd5 Nxd5 8.
exd5 Ne7 9. c4 Nf5 10. Bd3 Bd7 11. Nc3 Be7 12. O-O O-O 13. Qh5 g6 14. Qd1 Bg5
15. Ne4 Bxc1 16. Rxc1 Qe7 17. c5 dxc5 18. Nxc5 Rfc8 19. Nxd7 Qxd7 20. Bxf5 Qxf5
21. Qa4 Qd3 22. Qd7 Rd8 23. Qxb7 Rab8 24. Qxa7 Rxb2 25. Rcd1 Rd2 26. Rxd2 Qxd2
27. g3 Qxd5 28. Ra1 Ra8 29. Qe7 Rxa2 1/2-1/2

[Event "NM for klubblag 2010"]
[Site "Drammen"]
[Date "2010.10.08"]
[Round "1"]
[Board "46"]
[White "Laverton, Christian"]
[Black "Røine, Morten"]
[Result "1-0"]
[WhiteElo "1915"]
[BlackElo "1439"]
[PlyCount "77"]
[EventDate "2010.??.??"]
[WhiteTeam "Trondheim"]
[BlackTeam "Hønefoss 2"]

1. d4 Nf6 2. c4 e6 3. Nf3 Bb4+ 4. Nbd2 Qe7 5. g3 O-O 6. Bg2 d6 7. O-O Bxd2 8.
Bxd2 Nc6 9. Qc2 Rb8 10. e4 e5 11. d5 Nd8 12. b4 b6 13. Rab1 Bg4 14. c5 Ne8 15.
cxb6 cxb6 16. Nh4 Rc8 17. Qd3 g6 18. Rbc1 Rxc1 19. Rxc1 Qb7 20. f3 Bd7 21. Bh6
Ng7 22. Qc4 a6 23. Qc7 Qxc7 24. Rxc7 Bb5 25. Be3 f5 26. Bxb6 fxe4 27. fxe4 Nf7
28. Nf3 Ne8 29. Rc8 Nf6 30. Rxf8+ Kxf8 31. Nd2 Ke7 32. h3 Ng5 33. Be3 Nf7 34.
Bf1 h6 35. Bxb5 axb5 36. Kf2 g5 37. Kf3 h5 38. g4 h4 39. Nb1 1-0

[Event "NM for klubblag 2010"]
[Site "Drammen"]
[Date "2010.10.08"]
[Round "1"]
[Board "47"]
[White "Granum, Roger"]
[Black "Larsen, Martin Halsvik"]
[Result "1-0"]
[WhiteElo "1380"]
[BlackElo "1871"]
[PlyCount "87"]
[EventDate "2010.??.??"]
[WhiteTeam "Hønefoss 2"]
[BlackTeam "Trondheim"]

1. e4 c5 2. Nc3 e6 3. f4 d5 4. Nf3 Nc6 5. e5 Nge7 6. d4 Nf5 7. Bb5 Qb6 8. Bxc6+
bxc6 9. Na4 Qa5+ 10. c3 cxd4 11. Nxd4 Nxd4 12. Qxd4 c5 13. Qd1 Bd7 14. b4 Qxa4
15. Qxa4 Bxa4 16. a3 cxb4 17. axb4 Bb5 18. Kf2 a5 19. Be3 a4 20. Rhc1 Be7 21.
g4 Bh4+ 22. Kg2 g5 23. f5 exf5 24. gxf5 Bd3 25. f6 O-O 26. Kf3 Rfe8 27. Bd4 h5
28. Ra3 g4+ 29. Kf4 Kh7 30. Rca1 Bc2 31. b5 Kg6 32. b6 Be4 33. Rxa4 g3 34. Rxa8
Rxa8 35. Rxa8 gxh2 36. Ra1 Bg5+ 37. Kg3 h1=Q 38. Rxh1 Bxh1 39. b7 h4+ 40. Kg4
Be4 41. b8=Q Bf5+ 42. Kf3 Be6 43. Qg8+ Kh5 44. Qh7+ 1-0

[Event "NM for klubblag 2010"]
[Site "Drammen"]
[Date "2010.10.08"]
[Round "1"]
[Board "48"]
[White "Langmyhr, Tore"]
[Black "Thingstad, Tormod"]
[Result "1-0"]
[WhiteElo "1846"]
[BlackElo "1077"]
[PlyCount "45"]
[EventDate "2010.??.??"]
[WhiteTeam "Trondheim"]
[BlackTeam "Hønefoss 2"]

1. c4 c5 2. Nf3 Nf6 3. Nc3 e6 4. e3 d5 5. d4 cxd4 6. exd4 dxc4 7. Bxc4 a6 8.
O-O b5 9. Bb3 Bb7 10. Bg5 Be7 11. Qd3 O-O 12. a3 Bxf3 13. Qxf3 Nbd7 14. Rad1
Qc7 15. Rfe1 Rad8 16. d5 Ne5 17. Qh3 Neg4 18. dxe6 Rxd1 19. exf7+ Kh8 20. Nxd1
Bc5 21. Bxf6 Nxf6 22. Qf3 g6 23. Qxf6# 1-0

[Event "NM for klubblag 2010"]
[Site "Drammen"]
[Date "2010.10.08"]
[Round "1"]
[Board "49"]
[White "Ingul, Tormod"]
[Black "Skrondal, Inge Sandstad"]
[Result "0-1"]
[WhiteElo "1749"]
[BlackElo "2181"]
[PlyCount "70"]
[EventDate "2010.??.??"]
[WhiteTeam "SMPOAÅ"]
[BlackTeam "Akademisk 1"]

1. e4 c5 2. d4 cxd4 3. Bc4 Nf6 4. Qe2 Nc6 5. c3 d6 6. Bg5 Qa5 7. Bh4 Bg4 8. f3
Bd7 9. Qd2 e6 10. Ne2 Be7 11. Bg3 d5 12. exd5 exd5 13. Bb3 Bc5 14. cxd4 Qxd2+
15. Kxd2 Nxd4 16. Nxd4 Bxd4 17. Nc3 Bc6 18. Kd3 Bxc3 19. bxc3 O-O-O 20. Rhe1
Rhe8 21. Kd4 Nh5 22. Bh4 f6 23. Bc2 g5 24. Bf2 Nf4 25. Bf5+ Bd7 26. Bxd7+ Kxd7
27. g3 Ne6+ 28. Kxd5 Rc8 29. Rac1 Rc6 30. Rc2 Nc7+ 31. Kd4 Nb5+ 32. Kd3 Rd6+
33. Kc4 Na3+ 34. Kb3 Nxc2 35. Rxe8 Na1+ 0-1

[Event "NM for klubblag 2010"]
[Site "Drammen"]
[Date "2010.10.08"]
[Round "1"]
[Board "51"]
[White "Dybvik, Edvin"]
[Black "Flügel, Stefan"]
[Result "0-1"]
[WhiteElo "1532"]
[BlackElo "1712"]
[PlyCount "84"]
[EventDate "2010.??.??"]
[WhiteTeam "SMPOAÅ"]
[BlackTeam "Akademisk 1"]

1. e4 Nc6 2. d4 d5 3. e5 f6 4. f4 Nh6 5. Nf3 Bf5 6. Bd3 Be4 7. c3 e6 8. Qe2 f5
9. Nbd2 Be7 10. Nb3 O-O 11. Ng5 Qd7 12. Bxe4 fxe4 13. Qh5 b6 14. h4 Nd8 15. g4
Qe8 16. Qxe8 Rxe8 17. Rg1 a5 18. Be3 a4 19. Nd2 c5 20. c4 cxd4 21. Bxd4 Bc5 22.
Bxc5 bxc5 23. cxd5 exd5 24. O-O-O Nc6 25. Nf1 Nd4 26. Rg2 Nf7 27. Nxf7 Kxf7 28.
Ne3 Ke6 29. Nc2 Nxc2 30. Rxc2 Rac8 31. Kd2 d4 32. Rdc1 Kd5 33. Rc4 Rf8 34. f5
Kxe5 35. Rxc5+ Rxc5 36. Rxc5+ Kf4 37. Rd5 Rb8 38. b3 axb3 39. axb3 Rxb3 40. g5
e3+ 41. Ke2 Ke4 42. Rd7 d3+ 0-1

[Event "NM for klubblag 2010"]
[Site "Drammen"]
[Date "2010.10.08"]
[Round "1"]
[Board "52"]
[White "Fredriksen, Jan Gunnar"]
[Black "Gunnulfsen, Morten"]
[Result "1-0"]
[WhiteElo "1746"]
[BlackElo "1336"]
[PlyCount "109"]
[EventDate "2010.??.??"]
[WhiteTeam "Akademisk 1"]
[BlackTeam "SMPOAÅ"]

1. g4 d5 2. Bg2 e5 3. d4 e4 4. c4 c6 5. cxd5 cxd5 6. h3 Nc6 7. Nc3 g6 8. a3 Bg7
9. e3 Nge7 10. Nge2 O-O 11. O-O Be6 12. Nf4 Qd7 13. f3 exf3 14. Bxf3 Rad8 15.
Bg2 Na5 16. Bd2 Nc4 17. b3 Nb6 18. Qe2 a6 19. Rab1 f5 20. Nxe6 Qxe6 21. Rbe1
fxg4 22. Qxg4 Qxg4 23. hxg4 Rxf1+ 24. Rxf1 Rf8 25. Ne2 Rxf1+ 26. Kxf1 Nd7 27.
Bb4 Nc6 28. Bxd5+ Kh8 29. Bxc6 bxc6 30. Kf2 Nf6 31. Kf3 Nd5 32. Bd6 Kg8 33. e4
Nb6 34. Ke3 Kf7 35. Bc7 Nd7 36. b4 Ke6 37. Nf4+ Kf7 38. e5 g5 39. Nh3 h6 40.
Ke4 Nf8 41. Nf2 Ne6 42. Bd6 Kg6 43. Nd3 Kf7 44. d5 cxd5+ 45. Kxd5 h5 46. gxh5
g4 47. Nc5 Nf4+ 48. Ke4 Bh6 49. Nxa6 g3 50. Bc5 Nxh5 51. Nc7 Ng7 52. a4 Ne6 53.
Nxe6 Kxe6 54. a5 g2 55. a6 1-0

[Event "NM for klubblag 2010"]
[Site "Drammen"]
[Date "2010.10.08"]
[Round "1"]
[Board "53"]
[White "Hagen, Anders G"]
[Black "Mihajlov, Sebastian"]
[Result "1-0"]
[WhiteElo "2081"]
[BlackElo "1755"]
[PlyCount "89"]
[EventDate "2010.??.??"]
[WhiteTeam "Moss 1"]
[BlackTeam "OSS 5"]

1. d4 d5 2. c4 c6 3. Nf3 Nf6 4. Nc3 dxc4 5. a4 Bf5 6. e3 e6 7. Bxc4 Bb4 8. O-O
Nbd7 9. Qe2 O-O 10. e4 Bg6 11. e5 Nd5 12. Nxd5 cxd5 13. Bd3 Bxd3 14. Qxd3 h6
15. h3 a5 16. Nh2 f6 17. exf6 Nxf6 18. Bf4 Ne4 19. Be5 Nd2 20. Rfd1 Ne4 21. f3
Nd6 22. Qg6 Qe7 23. Ng4 Nf5 24. Rac1 Qf7 25. Nf6+ Qxf6 26. Bxf6 Rxf6 27. Qh5 g6
28. Qg4 Ne3 29. Qh4 g5 30. Qg3 Nxd1 31. Rxd1 Rf4 32. Rc1 Bd2 33. Rc7 Be3+ 34.
Kf1 Bxd4 35. Qe1 e5 36. Qb1 e4 37. Qa2 Rf5 38. Rd7 exf3 39. Rxd5 fxg2+ 40. Kxg2
Rf2+ 41. Kg3 Rxb2 42. Rd8+ Kg7 43. Qg8+ Kf6 44. Rxa8 Bf2+ 45. Kf3 1-0

[Event "NM for klubblag 2010"]
[Site "Drammen"]
[Date "2010.10.08"]
[Round "1"]
[Board "54"]
[White "Gholami, Armin"]
[Black "Johansen, Paul"]
[Result "0-1"]
[WhiteElo "1685"]
[BlackElo "2023"]
[PlyCount "72"]
[EventDate "2010.??.??"]
[WhiteTeam "OSS 5"]
[BlackTeam "Moss 1"]

1. d4 Nf6 2. c4 c5 3. e3 e6 4. Nc3 a6 5. Nf3 Be7 6. Bd3 O-O 7. O-O cxd4 8. exd4
d5 9. Bg5 dxc4 10. Bxc4 b5 11. Bd3 Bb7 12. Ne5 b4 13. Na4 Qd5 14. f3 Qxd4+ 15.
Kh1 Qxe5 16. f4 Qd5 17. Qc2 Nbd7 18. Bxh7+ Nxh7 19. Bxe7 Rfc8 20. Qf2 Qf5 21.
Rfd1 Rc2 22. Rd2 Rxd2 23. Qxd2 Bc6 24. b3 a5 25. Rc1 Qd5 26. Qc2 Rc8 27. Rd1
Qe4 28. Qxe4 Bxe4 29. Kg1 Nhf6 30. Rd2 Rc1+ 31. Kf2 Bc6 32. Bxf6 Nxf6 33. Rd8+
Kh7 34. Rc8 Rc2+ 35. Ke3 Ng4+ 36. Kd4 Rd2+ 0-1

[Event "NM for klubblag 2010"]
[Site "Drammen"]
[Date "2010.10.08"]
[Round "1"]
[Board "55"]
[White "Kongevold, Hans Inge"]
[Black "Olsen, Ulrik"]
[Result "1-0"]
[WhiteElo "1961"]
[BlackElo "1292"]
[PlyCount "87"]
[EventDate "2010.??.??"]
[WhiteTeam "Moss 1"]
[BlackTeam "OSS 5"]

1. c4 Nf6 2. Nf3 g6 3. g3 d6 4. Bg2 c5 5. O-O Bg7 6. Nc3 O-O 7. d4 cxd4 8. Nxd4
a6 9. b3 Qc7 10. Bb2 Nc6 11. Rc1 Nxd4 12. Qxd4 Nd7 13. Qxg7+ Kxg7 14. Nd5+ f6
15. Nxc7 Rb8 16. Ne6+ Kf7 17. Nxf8 Kxf8 18. Rfd1 Nc5 19. b4 Na4 20. Ba1 Be6 21.
Bd5 Bxd5 22. cxd5 Ke8 23. Bd4 Kd7 24. Rd2 Rc8 25. Rdc2 Rxc2 26. Rxc2 e5 27.
dxe6+ Kxe6 28. Rc7 h5 29. Rxb7 f5 30. Ra7 Kd5 31. e3 Kc4 32. Rxa6 Kxb4 33. Rxd6
Nc3 34. Bxc3+ Kxc3 35. Rd4 Kb2 36. a4 Ka3 37. a5 Kb3 38. a6 Kb2 39. a7 Kb3 40.
a8=Q Kb2 41. Qa4 Kc3 42. Qb4+ Kc2 43. Rd2+ Kc1 44. Qb2# 1-0

[Event "NM for klubblag 2010"]
[Site "Drammen"]
[Date "2010.10.08"]
[Round "1"]
[Board "56"]
[White "Grønn, Eskil Ekeland"]
[Black "Olsen, Robin"]
[Result "0-1"]
[WhiteElo "1068"]
[BlackElo "1864"]
[PlyCount "126"]
[EventDate "2010.??.??"]
[WhiteTeam "OSS 5"]
[BlackTeam "Moss 1"]

1. d4 Nf6 2. c4 c5 3. d5 b5 4. cxb5 a6 5. b6 Qxb6 6. Nc3 d6 7. Nf3 g6 8. Qb3
Qc7 9. e3 Bg7 10. Bd3 O-O 11. O-O Nbd7 12. a3 Nb6 13. Nd2 Rb8 14. Qa2 e6 15. e4
exd5 16. exd5 Bb7 17. Bc4 Nfd7 18. Nde4 Ne5 19. b3 Nexc4 20. bxc4 f5 21. Ng5
Bxc3 22. Ne6 Qf7 23. Rb1 Nd7 24. Nxf8 Qxf8 25. Qc2 Bd4 26. Bb2 Qg7 27. Rfd1
Bxb2 28. Qxb2 Qxb2 29. Rxb2 Bc8 30. Rxb8 Nxb8 31. f4 Kf7 32. Kf2 Nd7 33. Rb1 a5
34. Ke3 Ba6 35. Kd3 g5 36. g3 h5 37. Rb2 h4 38. Rb1 hxg3 39. hxg3 g4 40. Rb2 a4
41. Rb1 Bc8 42. Rb5 Nf6 43. Rb2 Ne4 44. Rg2 Ba6 45. Rg1 Ke7 46. Rg2 Kd7 47. Rg1
Kc7 48. Rg2 Nf6 49. Rh2 Ne4 50. Rg2 Nf6 51. Rh2 Nxd5 52. Rh5 Ne7 53. Kc3 d5 54.
Rh7 d4+ 55. Kd3 Kd7 56. Rh6 Bb7 57. Rb6 Bc6 58. Ra6 Nc8 59. Ra5 Kd6 60. Ra6 Kc7
61. Rxc6+ Kxc6 62. Kd2 Nd6 63. Kd3 Ne4 0-1

[Event "NM for klubblag 2010"]
[Site "Drammen"]
[Date "2010.10.08"]
[Round "1"]
[Board "57"]
[White "Hjelmås, Lars"]
[Black "Standal, Bård"]
[Result "1-0"]
[WhiteElo "2248"]
[BlackElo "1750"]
[PlyCount "53"]
[EventDate "2010.??.??"]
[WhiteTeam "Drammen Tigers"]
[BlackTeam "Tønsberg"]

1. d4 Nf6 2. c4 g6 3. Nc3 Bg7 4. e4 d6 5. f4 O-O 6. Nf3 c5 7. d5 e6 8. Be2 exd5
9. cxd5 Bg4 10. O-O Bxf3 11. Bxf3 Nbd7 12. g4 Ne8 13. Be3 Nc7 14. Qd2 b5 15. e5
Nb6 16. b3 Rb8 17. Rad1 b4 18. Ne4 Ncxd5 19. Nxd6 Nxe3 20. Qxe3 Qc7 21. Rc1 Nd7
22. Rfd1 Rb6 23. Bd5 Rxd6 24. exd6 Qd8 25. Qe7 Bd4+ 26. Rxd4 cxd4 27. Rc7 1-0

[Event "NM for klubblag 2010"]
[Site "Drammen"]
[Date "2010.10.08"]
[Round "1"]
[Board "58"]
[White "Bue, Gunnar"]
[Black "Breivik, Lars"]
[Result "0-1"]
[WhiteElo "1644"]
[BlackElo "2176"]
[PlyCount "36"]
[EventDate "2010.??.??"]
[WhiteTeam "Tønsberg"]
[BlackTeam "Drammen Tigers"]

1. d4 Nf6 2. c4 c5 3. e3 e6 4. Nf3 b6 5. Nc3 Be7 6. Bd3 O-O 7. O-O Bb7 8. Qe2
d6 9. b3 Nc6 10. a3 Rc8 11. Bb2 cxd4 12. exd4 d5 13. Rfd1 Na5 14. Nd2 dxc4 15.
Nxc4 Nxb3 16. Rab1 Nxd4 17. Bxh7+ Nxh7 18. Rxd4 Qxd4 0-1

[Event "NM for klubblag 2010"]
[Site "Drammen"]
[Date "2010.10.08"]
[Round "1"]
[Board "59"]
[White "Henriksen, Geir I"]
[Black "Syvertsen, Rolf E"]
[Result "1-0"]
[WhiteElo "2133"]
[BlackElo "1584"]
[PlyCount "57"]
[EventDate "2010.??.??"]
[WhiteTeam "Drammen Tigers"]
[BlackTeam "Tønsberg"]

1. d4 d5 2. Nf3 Nf6 3. e3 e6 4. Bd3 c5 5. b3 Be7 6. O-O O-O 7. Bb2 b6 8. Nbd2
Nc6 9. a3 Bb7 10. Qe2 Rc8 11. Rfd1 Qc7 12. Rac1 Qb8 13. dxc5 bxc5 14. e4 d4 15.
e5 Nd5 16. g3 Nc3 17. Bxc3 dxc3 18. Nc4 Nd4 19. Nxd4 cxd4 20. Be4 Rfd8 21. Bxb7
Qxb7 22. Rd3 Rxc4 23. bxc4 Bxa3 24. Ra1 Bb2 25. Ra4 a6 26. c5 g6 27. Raxd4 Rxd4
28. Rxd4 Ba3 29. Rc4 1-0

[Event "NM for klubblag 2010"]
[Site "Drammen"]
[Date "2010.10.08"]
[Round "1"]
[Board "60"]
[White "Beck, Anders Knudsen"]
[Black "Ludvigsen, Frode"]
[Result "1/2-1/2"]
[WhiteElo "1406"]
[BlackElo "2009"]
[PlyCount "53"]
[EventDate "2010.??.??"]
[WhiteTeam "Tønsberg"]
[BlackTeam "Drammen Tigers"]

1. e4 e6 2. d4 d5 3. Nc3 Bb4 4. exd5 exd5 5. Nf3 Bg4 6. Be2 Ne7 7. Ne5 Bxe2 8.
Qxe2 O-O 9. O-O c6 10. Bf4 Nf5 11. Qg4 g6 12. Ne2 Re8 13. c3 Bf8 14. Ng3 Nd6
15. Nf3 Nd7 16. Rfe1 Nf6 17. Qh4 Nfe4 18. Qxd8 Raxd8 19. Nxe4 Nxe4 20. Nd2 c5
21. Nxe4 dxe4 22. dxc5 Bxc5 23. Rad1 f6 24. Bc7 Rxd1 25. Rxd1 e3 26. fxe3 Rxe3
27. Kf1 1/2-1/2

[Event "NM for klubblag 2010"]
[Site "Drammen"]
[Date "2010.10.08"]
[Round "1"]
[Board "61"]
[White "Haug, Johannes"]
[Black "Persson, Mats"]
[Result "0-1"]
[WhiteElo "1505"]
[BlackElo "2184"]
[PlyCount "44"]
[EventDate "2010.??.??"]
[WhiteTeam "Nordstrand 3"]
[BlackTeam "OSS 2"]

1. e4 Nc6 2. Nf3 d6 3. d4 Nf6 4. Nc3 Bg4 5. Be3 e5 6. d5 Ne7 7. Bg5 Ng6 8. h3
Bd7 9. Be2 Be7 10. O-O O-O 11. Qd2 Nh5 12. Bxe7 Qxe7 13. Qg5 Nf6 14. Qd2 Nf4
15. Rfd1 N6h5 16. Bf1 f5 17. Kh2 fxe4 18. Nxe4 Nxh3 19. g3 Rxf3 20. Be2 Raf8
21. Bxf3 Rxf3 22. Rf1 Nf6 0-1

[Event "NM for klubblag 2010"]
[Site "Drammen"]
[Date "2010.10.08"]
[Round "1"]
[Board "62"]
[White "Kristiansen, Erling"]
[Black "Abrahamsen, Knut Ø"]
[Result "1-0"]
[WhiteElo "2151"]
[BlackElo "1426"]
[PlyCount "79"]
[EventDate "2010.??.??"]
[WhiteTeam "OSS 2"]
[BlackTeam "Nordstrand 3"]

1. d4 Nf6 2. c4 g6 3. Nf3 Bg7 4. g3 O-O 5. Bg2 c5 6. d5 d6 7. Nc3 Nbd7 8. O-O
Ng4 9. Qc2 Nge5 10. Nd2 a6 11. h3 Nf6 12. f4 Ned7 13. e4 Rb8 14. a4 Re8 15. Nf3
e6 16. dxe6 Rxe6 17. Rd1 Nf8 18. Ng5 Re8 19. e5 N6d7 20. Rxd6 Qc7 21. Nd5 Qd8
22. a5 Ne6 23. Nxe6 fxe6 24. Nc3 Qc7 25. Ne4 b6 26. Rc6 Qd8 27. Nd6 Re7 28.
axb6 Nxb6 29. Nxc8 Rxc8 30. Be3 Rxc6 31. Bxc6 Qc8 32. Be4 Rc7 33. h4 Bf8 34. b3
Rd7 35. Qa2 Ra7 36. Qa5 Nd7 37. b4 Qc7 38. b5 Kf7 39. Qxc7 Rxc7 40. Rxa6 1-0

[Event "NM for klubblag 2010"]
[Site "Drammen"]
[Date "2010.10.08"]
[Round "1"]
[Board "64"]
[White "Guddahl, Viggo"]
[Black "Braathen, Didrik"]
[Result "1-0"]
[WhiteElo "1966"]
[BlackElo "1070"]
[PlyCount "49"]
[EventDate "2010.??.??"]
[WhiteTeam "OSS 2"]
[BlackTeam "Nordstrand 3"]

1. Nf3 d5 2. g3 Nf6 3. Bg2 Nc6 4. d4 Bf5 5. O-O e6 6. c4 Bd6 7. Nc3 Qd7 8. b3
O-O-O 9. c5 Be7 10. Bf4 h6 11. b4 g5 12. b5 gxf4 13. bxc6 Qxc6 14. Ne5 Qe8 15.
c6 Ng4 16. cxb7+ Kb8 17. Nxg4 Bxg4 18. Rb1 h5 19. Nb5 c6 20. Nxa7 h4 21. Qa4
Rd6 22. Nc8 Rd8 23. Qa8+ Kc7 24. b8=Q+ Kd7 25. Qab7# 1-0

[Event "NM for klubblag 2010"]
[Site "Drammen"]
[Date "2010.10.08"]
[Round "1"]
[Board "66"]
[White "Løvik, Lasse Østebø"]
[Black "Mikalsen, Odd Erling"]
[Result "1-0"]
[WhiteElo "2317"]
[BlackElo "1759"]
[PlyCount "63"]
[WhiteTeam "Stavanger 1"]
[BlackTeam "Alta"]

1. d4 Nf6 2. c4 e5 3. dxe5 Ne4 4. Nf3 Nc6 5. e3 d6 6. Nbd2 Nc5 7. exd6 Bxd6 8.
Nb3 Nxb3 9. Qxb3 O-O 10. Bd2 b6 11. Bd3 Ne5 12. Be4 Rb8 13. O-O-O Be6 14. Nxe5
Bxe5 15. Qc2 f5 16. Bb4 Bd6 17. Bd5 Bxd5 18. Rxd5 Qg5 19. Bxd6 cxd6 20. g3 b5
21. Rxb5 Rxb5 22. cxb5 Qg4 23. Kb1 Qb4 24. a4 h6 25. Rd1 Rf6 26. h4 Kh7 27. Ka2
g5 28. hxg5 hxg5 29. Rd4 Qa5 30. g4 a6 31. b4 Qb6 32. Rd5 1-0

[Event "NM for klubblag 2010"]
[Site "Drammen"]
[Date "2010.10.08"]
[Round "1"]
[Board "67"]
[White "Mikalsen, Harald"]
[Black "Tofte, Sondre Waage"]
[Result "0-1"]
[WhiteElo "1696"]
[BlackElo "2229"]
[PlyCount "42"]
[WhiteTeam "Alta"]
[BlackTeam "Stavanger 1"]

1. e4 e5 2. Nf3 Nc6 3. Bb5 a6 4. Ba4 Nf6 5. O-O Be7 6. c3 Nxe4 7. Bxc6 dxc6 8.
Nxe5 Qd5 9. d4 c5 10. f3 Nf6 11. Be3 Be6 12. c4 Qd6 13. Qa4+ c6 14. Rd1 O-O 15.
Qa5 b5 16. cxb5 axb5 17. Qc3 Nd5 18. dxc5 Qc7 19. Qd4 Ra4 20. Qd2 Qxe5 21. Bd4
Rxd4 0-1